| 000 | 00643nam 22002173 4500 | ||
|---|---|---|---|
| 001 | 200826 | ||
| 010 | _a972-26-1992-6 | ||
| 090 | _a200826 | ||
| 100 | _a20260226d u||y0pory50 ba | ||
| 200 |
_aA Pequena Feiticeira _filustrações de François Ruyer, texto de Imelda Heuschen |
||
| 210 |
_aPorto _cLivraria Civilização Editora _dcop. 2001 |
||
| 215 |
_a[10] p. _cil. ; encadernado _d25 cm |
||
| 225 | _aPop-Up | ||
| 300 | _aLivros Pop-Up | ||
| 606 |
_9235 _aLiteratura infantil |
||
| 675 |
_a821-93 _vPT _zpor |
||
| 700 |
_98766 _aRuyer _bFrançois |
||
| 701 |
_99348 _aHeuschen _bImelda |
||
| 801 |
_aPT _bBMMN _gRPC |
||
| 830 | _cIsabel | ||
| 990 | _cLIVROS | ||